• 首页
  • 本馆介绍
  • 公告通知
  • 最新文献
  • 馆藏检索
  • 电子资源
  • 读者导购
  • 参考咨询
  • 我的图书馆
  • 登录
  • 详细信息显示
  • 放入我的书架
  • 预约/预借图书
  • 作者相关作品
  • 分类相关作品
  • 丛书相关作品
  • 出版社相关作品

书目信息

  • 表格格式
  • 工作单格式
  • 卡片格式
题名:
小学同步作文与达标训练
    
 
作者: 周小庭 主编
分册:  
出版信息: 延吉   延边大学出版社  2004
页数: 106页
开本: 20cm
丛书名: 创造思维文库
单 册:
中图分类: G624.24 , G624.24
科图分类:
主题词: 教育--各级
电子资源:
ISBN: 7-5634-1442-8
000 00645nam0 2200217 450
001 0751011443
005 20070725092119.75
010    @a7-5634-1442-8@dCNY5.00
100    @a20070721d2004 km y0chiy0120 ea
101 0  @achi
200 1  @a小学同步作文与达标训练@Axiao xue tong bu zuo wen yu da biao xun lian@f周小庭主编@Fzhou xiao ting zhu bian
210    @a延吉@c延边大学出版社@d2004
215    @a106页@d20cm
225 2  @a创造思维文库
410  0 @12001 @a创造思维文库
606 0  @a教育@x各级
690    @aG624.24@v3
690    @aG624.24@v3
701  0 @a周小庭@Azhou xiao ting@4主编
801  0 @aCN@bPFT@c20070725
905    @a10447@dG624.24@e352
    
    小学同步作文与达标训练/周小庭主编.-延吉:延边大学出版社,2004
    106页;20cm.-(创造思维文库)
    
    
    ISBN 7-5634-1442-8:CNY5.00
    
●
相关链接 在E读中查询图书 在五车中查询图书 在当当中查询图书 在豆瓣中查询图书


正题名:小学同步作文与达标训练     索取号:G624.24/352         预约/预借

序号 登录号 条形码 馆藏地/架位号 状态 备注
1 0767661   207676610   第一样本阅览室/ [索取号:G624.24/352] 在馆    
唐山师范学院图书馆 欢迎您!
大连网信软件有限公司© 版权所有